000 00953nam 22002413 4500
001 197986
010 _a978-989-722-663-2
021 _aPT
_b484 018/21
090 _a197986
100 _a20250919d u||y0pory50 ba
101 _apor
200 _aA Eloquência da Sardinha
_eHistórias extraordinárias do mundo submarino
_fBill François
_gTradução de Sandra Silva ; Revisão de Sara Carvalhais de Oliveira ; Ilustração de Bill François
205 _a
210 _aLisboa
_cQuetzal Editores
_d2021
215 _a179, [5] p. : il.
_cBrochado
_d24 cm
300 _aComo os peixes falam connosco desde o fundo do mar
304 _aTít. orig.: Éloquence de la sardine - incroyables histoires du monde sous-marin
606 _97
_aLiteratura Francesa
675 _a821.133.1-96/FRA/ELO
_vPT
_zpor
700 _914003
_aFrançois
_bBill (autor e ilustrador)
801 _aPT
_bBMMN
_gRPC
830 _cCarlos Pinto
_d19-09-2025
_fCarlos Pinto
990 _cLIVROS